000 00437nam a2200169 a 4500
001 0000-8798
003 ELIB.Books
008 110520 1954
035 _a(ELIB.Books)0000-8944
082 _a234.2
_bCri
100 _aCriswell, W. A.
245 _aThese Issues We Must Face
260 _bGrand Rapids: Zondervan Publishing House
_c1954
650 _aSalvation
942 _2ddc
_cBK
998 _cbat
_e2011-05-20
999 _c8798
_d8798